| 000 | 00825nam0a22002291 4500 | ||
|---|---|---|---|
| 001 | rc\780853 | ||
| 005 | 20250622131329.0 | ||
| 035 | _a(NLR Aleph) 006306785 | ||
| 090 |
_a7309272 _c7309272 |
||
| 100 | _a20040301d1983 |||y0rusy50 ca | ||
| 101 | 0 | _arus | |
| 102 | _aRU | ||
| 105 | _aa ||||||||| | ||
| 200 | 1 |
_aБлеск и нищета куртизанок _eРоман _fОноре де Бальзак _g[Пер. с фр. Н.Г. Яковлевой _gВступ. ст. и примеч. И.А. Лилеевой _gИл. А.В. Озеревской, А.Т. Яковлева] |
|
| 210 |
_aМ. _cПравда _d1983 |
||
| 215 |
_a574 с. _cил. _d21 |
||
| 700 | 1 |
_aБальзак _bО. де _f1799-1850 _gОноре де |
|
| 801 | 0 |
_aRU _bNLR _gpsbo |
|
| 801 | 1 |
_aRU _bELAR _2rusmarc |
|
| 852 |
_aNLR _j84-3/622 |
||
| 942 | _cBOOK | ||
| 980 | _aNB | ||